| 000 | 00924nam a22002657a 4500 | ||
|---|---|---|---|
| 005 | 20140313100406.0 | ||
| 008 | 131216b xxu||||| |||| 00| 0 eng d | ||
| 020 | _a9780071783842 | ||
| 050 |
_aHF 5718 _b.R942 2012 |
||
| 100 | _aRunion, Meryl. | ||
| 245 |
_aPerfect phrases for virtual teamwork : _bhundreds of ready-to-use phrases for fostering collaboration at a distance / _cMeryl Runion with Lynda McDermott. |
||
| 260 |
_aNew York : _bMcGraw-Hill, _c2012. |
||
| 300 |
_axxi, 184 p. ; _c21 cm. |
||
| 440 | _aPerfect phrases series. | ||
| 521 | _aBSBA | ||
| 650 | _aBusiness communication. | ||
| 650 | _aCommunication in management. | ||
| 650 |
_aTeams in the workplace -- _xManagement. |
||
| 650 |
_aEmployees _xCoaching of. |
||
| 650 | _aEmployee motivation. | ||
| 650 | _aPersonnel management. | ||
| 700 |
_aMcDermott, Lynda C. (Lynda Caryl) _eauthor. |
||
| 942 |
_2lcc _cBK _kFOR |
||
| 999 |
_c25841 _d25841 |
||